Central Library OPAC University of Rajshahi

The use of philosophy; (Record no. 28271)

MARC details
000 -LEADER
fixed length control field 01004nam a22002292a 4500
001 - CONTROL NUMBER
control field 28271
003 - CONTROL NUMBER IDENTIFIER
rucl marc code BD-RjUL
005 - DATE AND TIME OF LATEST TRANSACTION
control field 20211209051247.0
008 - FIXED-LENGTH DATA ELEMENTS--GENERAL INFORMATION
fixed length control field 860101s1928 uk 000 0 eng c
035 ## - SYSTEM CONTROL NUMBER
System control number (BD-RjUL)28352
040 ## - CATALOGING SOURCE
Original cataloging agency XFM
Transcribing agency XFM
Modifying agency BD-RjUL
Language of cataloging eng
041 ## - LANGUAGE CODE
Language code of text/sound track or separate title eng
082 ## - DEWEY DECIMAL CLASSIFICATION NUMBER
Classification number 104
Author mark and year MUU 1928
090 ## - LOCALLY ASSIGNED LC-TYPE CALL NUMBER (OCLC); LOCAL CALL NUMBER (OCLC)
Classification number (OCLC) (R) ; Classification number, CALL (RLIN) (NR) B29
Local cutter number (OCLC) ; Book number/undivided call number, CALL (RLIN) .M88
100 1# - MAIN ENTRY--PERSONAL NAME
Personal name Muirhead, John H.
Fuller form of name (John Henry),
Dates associated with a name 1855-1940.
9 (RLIN) 86579
245 14 - TITLE STATEMENT
Title The use of philosophy;
Remainder of title Californian addresses /
Statement of responsibility, etc. by John H. Muirhead
260 ## - PUBLICATION, DISTRIBUTION, ETC. (IMPRINT)
Place of publication, distribution, etc. London :
Name of publisher, distributor, etc. G. Allen & Unwin Ltd,
Date of publication, distribution, etc. 1928
300 ## - PHYSICAL DESCRIPTION
Pagination 208 p. :
Size 28 cm
Illustrations ill. ;
505 0# - FORMATTED CONTENTS NOTE
Formatted contents note Why everybody needs a philosophy.--What is philosophy, anyway?--The place of philosophy in American universities.--The spirit of man.--Social life.--Religion.--The life of knowledge.--Philosophy and politics.--The new alignment of the British commonwealth of nations.--Discussion in America.--The Scot abroad.--On the anniversary of Sir Walter Scott's birthday
650 #0 - SUBJECT ADDED ENTRY--TOPICAL TERM
Topical term or geographic name as entry element Philosophy
9 (RLIN) 86580
942 ## - ADDED ENTRY ELEMENTS (KOHA)
Source of classification or shelving scheme Dewey Decimal Classification
Koha item type Books
Holdings
Lost status Source of classification or shelving scheme Damaged status Not for loan Collection code Permanent Location Current Location Shelving location Date acquired Source of acquisition Cost, normal purchase price Total Checkouts Full call number Date last seen Copy number Koha item type
  Dewey Decimal Classification     Non-fiction Central Library, University of Rajshahi Central Library, University of Rajshahi   11/01/1965 zeithinger 10.60   104 MUU 1928 30/03/2014 C-3 Books
  Dewey Decimal Classification   Added to bundle Non-fiction Central Library, University of Rajshahi Central Library, University of Rajshahi Reading Room 01/11/1965 Zitlinger 10.60   104 MUU 1928 31/03/2014 C-1 Books
  Dewey Decimal Classification     Non-fiction Central Library, University of Rajshahi Central Library, University of Rajshahi   01/11/1965 Zitlinger 10.60   104 MUU 1928 31/03/2014 C-2 Books